000 00610nam a2200241 a 4500
001 nice12345678
003 IN_TiNIC
005 20260116014447.0
008 070413s2004 newa grp 000 0 eng
020 _a1405127368
_c650
082 0 0 _a297
_bBRO1
100 _aBrown, Daniel
245 _aA New Introduction to Islam
260 _aNewelhi
_bPublishers and Distributor
_c2004
300 _a269p
500 _aincludes index and biblioraphy
505 2 _aIndex and Glossary
650 _aIslam-Meccan Trade
700 1 _aBrown, Daniel
902 _bSRS
942 _cBK
999 _c15433
_d15433